000 00331cam a22001097a 4500
008 180718b1980 xxu||||| |||| 00| 0 eng d
082 _aT219604x5421 IQ 1
100 _aIqbal, Badar A.
245 _aFinancing of ago-industrial development in India
_cby Badar A. Iqbal
260 _aAligarh
_bKumar Publication
_c1980
300 _a192+p.
999 _c428025
_d428025